<?xml version="1.0" encoding="UTF-8"?>
<collection xmlns="http://www.loc.gov/MARC21/slim">
 <record>
  <leader>00561nam a22001811a 4500</leader>
  <controlfield tag="001">000035678</controlfield>
  <controlfield tag="003">11966</controlfield>
  <controlfield tag="005">20160318111213.0</controlfield>
  <controlfield tag="008">160318s2003                  000</controlfield>
  <datafield tag="082" ind1=" " ind2=" ">
   <subfield code="a">425</subfield>
   <subfield code="b">GR-S</subfield>
  </datafield>
  <datafield tag="245" ind1=" " ind2=" ">
   <subfield code="a">A student'sgrammar of the English grammar / Sidney Greenbaum, Randolph Quirk ; Lê Tấn Thi giới thiệu và chú giải.</subfield>
   <subfield code="c">Greenbaum, Sidney</subfield>
  </datafield>
  <datafield tag="260" ind1=" " ind2=" ">
   <subfield code="a">Giao thông vận tải</subfield>
   <subfield code="c">2003</subfield>
  </datafield>
  <datafield tag="OWN" ind1=" " ind2=" ">
   <subfield code="a">LNN</subfield>
  </datafield>
  <datafield tag="999" ind1=" " ind2=" ">
   <subfield code="a">From the UDN01</subfield>
  </datafield>
  <datafield tag="TYP" ind1=" " ind2=" ">
   <subfield code="a">Monograph</subfield>
  </datafield>
  <datafield tag="980" ind1=" " ind2=" ">
   <subfield code="a">Mạng thư viện Đại học Đà Nẵng</subfield>
  </datafield>
 </record>
</collection>
